000 00493nam a22001817a 4500
003 MPLRDC
005 20220104160915.0
008 210129b ||||| |||| 00| 0 eng d
020 _aISSN-16082601
082 _a050.8 GJDL v.04 2006
100 _a张紫兰主编
245 _a国家地理杂志中文版. 4月号2006
_c
250 _a初版
260 _a
_bNATIONAL GEOGRAPHIC SOCIETY
_c2006
300 _b
650 _a期刊--国家地理杂志
942 _cBK
_o050.8 GJDL v.04 2006
999 _c55224
_d55214